000 00311nam a2200121Ia 4500
008 220216s9999 xx 000 0 und d
100 _aScott J R
245 0 _aRubber test methods: 1959 meeting of ISO/TC45
260 _bProceedings of the IRI
_c1960
300 _a21-29
650 _aTest methods
942 _cJS
999 _c68030
_d68030